Serie A Assist Leaders By Year - Statistics

General Stats
  • This quiz has been taken 56 times
  • The average score is 7 of 14
Answer Stats
Season Player Nationality Assist % Correct
22-23 Khvicha Kvaratskhelia Georgia 10
89%
Paulo Dybala Argentina 9
76%
23-24 Rafael Leao Portugal 9
74%
Dries Mertens Belgium 11
65%
15-16 Paul Pogba France 13
61%
18-19 Papu Gomez Argentina 11
54%
19-20 Papu Gomez Argentina 16
54%
14-15 Carlos Tevez Argentina 8
41%
16-17 Jose Callejon Spain 12
41%
20-21 Ruslan Malinovskyi Ukraine 12
37%
17-18 Luis Albert Spain 14
35%
21-22 Domenico Berardi Italy 14
26%
13-14 Luca Toni Italy 7
15%
Emil Halfredsson Iceland 8
13%
No matching quizzes found
Score Distribution
Percent of People with Each Score
Percentile by Number Answered
Your Score History
You have not taken this quiz